Bibliotheca hispana vetus sive hispani scriptores qui ab Octaviani Augusti aevo ad annum Christi MD. floruerunt.

Detalles Bibliográficos
Autor principal: SEVILLA, Nicolás Antonio de
Formato: Libro
Publicado: Madrid 1788
Materias:
Colección:Banco de datos
Acervo:Biblioteca del Convento de San Pablo. Yuririahupándaro. Guanajuato
Descripción Física:t. II
Tema general:Literatura
Notas:Mala. 2D6, 16.
LEADER 00753nam a22002050004500
035 |a 35943 
036 |a 1584 
100 1 |a SEVILLA, Nicolás Antonio de 
245 1 0 |a Bibliotheca hispana vetus sive hispani scriptores qui ab Octaviani Augusti aevo ad annum Christi MD. floruerunt. 
260 |a Madrid  |b Viuda y Herederos de D. Joaquín Ibarra imp.  |c 1788 
300 |a t. II 
500 |a Mala. 2D6, 16. 
650 1 0 |a Literatura 
949 |a CRG-CY 
959 |a Ex convento de San Pablo, Museo Regional de Yuririahpúndaro, Guanajuato  |b CCC9 
960 |a Convento San Pablo Yuririahpúndaro, Guanajuato  |b DD86 
961 |a Agustina  |b OA 
942 |c CRG-CY 
943 |g Biblioteca del Convento de San Pablo. Yuririahupándaro. Guanajuato 
999 |c 956609  |d 956609